Foundations of macroeconomics / (Record no. 13493)

000 -LEADER
fixed length control field 00587nam a22001697a 4500
008 - FIXED-LENGTH DATA ELEMENTS--GENERAL INFORMATION
fixed length control field 160811b xxu||||| |||| 00| 0 eng d
020 ## - INTERNATIONAL STANDARD BOOK NUMBER
International Standard Book Number 0321178580
050 ## - LIBRARY OF CONGRESS CALL NUMBER
Classification number HB 172.5.B334 2003
100 ## - MAIN ENTRY--PERSONAL NAME
Personal name Bade, Robin.
Dates associated with a name 2003
245 ## - TITLE STATEMENT
Title Foundations of macroeconomics /
Statement of responsibility, etc. Robin Bade and Michael Parkin
250 ## - EDITION STATEMENT
Edition statement 2nd ed.
260 ## - PUBLICATION, DISTRIBUTION, ETC. (IMPRINT)
Place of publication, distribution, etc. Boston;
Name of publisher, distributor, etc. Pearson,
Date of publication, distribution, etc. 2003.
300 ## - PHYSICAL DESCRIPTION
Extent xxxvii, 528(22) p. :ill.
Other physical details Includes bibliographical references and index.
650 ## - SUBJECT ADDED ENTRY--TOPICAL TERM
Topical term or geographic name as entry element Macroeconomics.
700 ## - ADDED ENTRY--PERSONAL NAME
Personal name Parkin, Michael.
942 ## - ADDED ENTRY ELEMENTS (KOHA)
Source of classification or shelving scheme
Koha item type Hard Covered Materials
Classification part HB 172.5.B334 2003
Koha issues (borrowed), all copies 1
Holdings
Withdrawn status Lost status Source of classification or shelving scheme Damaged status Not for loan Home library Current library Shelving location Date acquired Source of acquisition Total Checkouts Full call number Barcode Date last seen Date last checked out Price effective from Koha item type
          MACHAKOS UNIVERSITY LIBRARY MACHAKOS UNIVERSITY LIBRARY Open shelf 11/08/2016 Donation(BFA) 3 HB 172.5.B334 2003 21445 15/02/2020 01/02/2020 11/08/2016 Hard Covered Materials
© Machakos University Library, Along The Highway, Machakos Wote Rd, Machakos, Kenya P.O. Box 136 - 90100 Machakos - Kenya

Tel: ( +254 ) 723 805829 OR Fax : 044-20353 OR Email: library@mksu.ac.ke